MARC

LEADER 00000nam0a2200000 4500
001 362293
005 20231102011456.0
035 |a (RuTPU)RU\TPU\retro\19639 
090 |a 362293 
100 |a 20210722d1980 km y0rusy50 ca 
101 0 |a rus 
102 |a RU 
105 |a a z 001za 
200 1 |a Автобиографические записки. Статьи Воспоминания  |f М. О. Рейзен 
210 |a Москва  |c Советский композитор  |d 1980 
215 |a 304 с.  |c ил. 
225 1 |a Деятели музыкального театра 
320 |a Библиогр.: с. 288-298 
600 1 |a Рейзен  |b М. О.  |g Марк Осипович  |c российский певец  |c ародный артист СССР  |f 1895-1992  |2 stltpush  |3 (RuTPU)RU\TPU\pers\7514 
606 1 |a Оперы  |2 stltpush  |3 (RuTPU)RU\TPU\subj\47064  |9 66131 
610 1 |a музыка 
610 1 |a музыкальная деятельность 
610 1 |a музыкальная культура 
610 1 |a музыкальное творчество 
610 1 |a певцы 
610 1 |a певческое искусство 
610 1 |a оперные спектакли 
610 1 |a автобиографические произведения 
675 |a 782  |v 4 
700 1 |a Рейзен  |b М. О.  |c российский певец  |c ародный артист СССР  |f 1895-1992  |g Марк Осипович  |2 stltpush  |3 (RuTPU)RU\TPU\pers\7514  |9 1433 
801 1 |a RU  |b 63413507  |c 20210722 
942 |c BK